000 00854nas a2200265 4500
001 BR8705912
003 BR-BrBNA
005 20231205090822.0
007 ta
008 230509b bl.|||p| |||| 00| 00por d
040 _aBR-BrBNA
_bpor
_cBiblioteca Nacional de Agricultura
041 _a(Pt)
072 _aL72
100 1 _aFreire, N.M.S.
100 1 _aSiqueira, L.F.G.
100 1 _aConsorte, L.B.S.
245 1 _aIncidencia de especies de Metastrongylus (Nematoda: Protostrongylidae)em suinos procedentes do Estado do Parana
650 _aSUÍNO
650 _aVERMINOSE
650 _aPARASITO DE ANIMAL
650 _aPULMAO
773 0 _tArquivos da Universidade Federal Rural do Rio de Janeiro (Brazil)
_xISSN 0100-2481
_g(Jul-Dec 1982), v. 5(2) p. 111-114
_wBR8705912
909 _a202311
_bLúcia
_c55
_dLúcia Elande
942 _2AGRIS
_n0
_cANA
999 _c121048
_d121048